Zaradenie krajín do kurzových systémov
Štyri hlavné skupiny kurzových systémov. Charakteristika kurzových systémov: Hard pegs (pevne naviazané kurzy), Soft pegs (ľahko naviazané kurzy), Floating (plávajúce kurzy), Residual (zvyšné kurzové systémy). Vplyv kurzových systémov na podniky.
Enregistré dans:
| Auteur principal: | |
|---|---|
| Autres auteurs: | |
| Format: | Chapitre de livre |
| Langue: | slovaque |
| Sujets: | |
| Tags: |
Pas de tags, Soyez le premier à ajouter un tag!
|
MARC
| LEADER | 00000nla a2200000 4500 | ||
|---|---|---|---|
| 001 | 0223475 | ||
| 005 | 20240502073645.0 | ||
| 041 | 0 | |a slo | |
| 044 | |a SK | ||
| 245 | 1 | 0 | |a Zaradenie krajín do kurzových systémov |c Peter Badura, Miroslav Kmeťko |
| 520 | |a Štyri hlavné skupiny kurzových systémov. Charakteristika kurzových systémov: Hard pegs (pevne naviazané kurzy), Soft pegs (ľahko naviazané kurzy), Floating (plávajúce kurzy), Residual (zvyšné kurzové systémy). Vplyv kurzových systémov na podniky. | ||
| 610 | 2 | 0 | |a kurz menový |
| 610 | 2 | 0 | |a kurz výmenný |
| 610 | 2 | 0 | |a mena |
| 610 | 2 | 0 | |a Medzinárodný menový fond |
| 610 | 2 | 0 | |a štát |
| 610 | 2 | 0 | |a svet |
| 100 | 1 | |a Badura, Peter, 1978- | |
| 700 | 1 | |a Kmeťko, Miroslav, 1969- | |